Factibilidad de la incorporación de una central de ciclo combinado con gas natural a la matriz de generación eléctrica en Costa Rica
Αποθηκεύτηκε σε:
| Κύριος συγγραφέας: | |
|---|---|
| Άλλοι συγγραφείς: | |
| Μορφή: | Βιβλίο |
| Γλώσσα: | Spanish |
| Έκδοση: |
[San José, Costa Rica]
2014
|
| Θέματα: | |
| Ετικέτες: |
Προσθήκη ετικέτας
Δεν υπάρχουν, Καταχωρήστε ετικέτα πρώτοι!
|
MARC
| LEADER | 00000nam a22000007a 4500 | ||
|---|---|---|---|
| 003 | 012158 | ||
| 005 | 20230824111647.0 | ||
| 008 | 150709b2014 cr a|||| |||| 00| ||spa d | ||
| 040 | |c cru CEDI | ||
| 090 | |a TFG 7323 | ||
| 100 | |9 1194 |a Luna Salas, María Lucía, 1992- | ||
| 245 | |a Factibilidad de la incorporación de una central de ciclo combinado con gas natural a la matriz de generación eléctrica en Costa Rica | ||
| 260 | |a [San José, Costa Rica] |c 2014 | ||
| 300 | |a 65 hojas : ilustraciones | ||
| 500 | |a Proyecto de graduación (bachillerato en ingeniería eléctrica)-- Universidad de Costa Rica. Facultad de Ingeniería. Escuela de Ingeniería Eléctrica | ||
| 501 | |a Profesor Guía de IE-0499 Proyecto Eléctrico: Dr. Jorge Blanco Roldán | ||
| 650 | |x RECURSOS ENERGETICOS |x ENERGIA EOLICA |9 827 | ||
| 700 | |9 736 |a Blanco Roldán, Jorge, 1950- |d Director de Proyecto Eléctrico | ||
| 942 | |c CEDI | ||
| 999 | |c 13863 |d 13863 | ||
